000 00329cam a2200133ua 4500
003 OSt
008 240416b |||||||| |||| 00| 0 eng d
041 _aeng
082 _a627.52
_bPUB/OV
245 _aOver river valley project /
260 _aIndia :
_bMinistry of I&B, Govt. of India ,
_c1883.
300 _a138 ; .
942 _cBK
999 _c1289
_d1289